Study pof the characteristics of unemployed medical graduates (Record no. 495735)

000 -LEADER
fixed length control field 00397cam a22001097a 4500
008 - FIXED-LENGTH DATA ELEMENTS--GENERAL INFORMATION
fixed length control field 180718b1976 xxu||||| |||| 00| 0 eng d
082 ## - DEWEY DECIMAL CLASSIFICATION NUMBER
Classification number R112x5451 An24
245 ## - TITLE STATEMENT
Title Study pof the characteristics of unemployed medical graduates
Statement of responsibility, etc. by Department of Finance and Planning
260 ## - PUBLICATION, DISTRIBUTION, ETC.
Place of publication, distribution, etc.
Name of publisher, distributor, etc. Government of Andhra Pradesh
Date of publication, distribution, etc. 1976
300 ## - PHYSICAL DESCRIPTION
Extent 30p
700 ## - ADDED ENTRY--PERSONAL NAME
Personal name Andhra Pradesh. Department of Finance and Planning
Holdings
Withdrawn status Lost status Damaged status Not for loan Permanent Location Current Location Date acquired Full call number Barcode Date last seen Price effective from Koha item type
        Indian Institute of Public Administration Indian Institute of Public Administration 2018-08-04 R112x5451 An24 GG16125 2018-08-04 2018-08-04 GG

Powered by Koha